| 000 | 00563nam a2200205 a 4500 | ||
|---|---|---|---|
| 005 | 20210219151951.0 | ||
| 008 | 991125s1981 par 000 0 spa u | ||
| 020 | _a9232017520 | ||
| 035 | _aUPN01000044329 | ||
| 049 | _aCG | ||
| 050 | 4 | _aPN4748 P47 | |
| 245 | 0 | 3 |
_aEl periodismo rural en Africa / _cPaul Ansah... [et al.] |
| 260 |
_aParÃs : _bUNESCO, _c1981 |
||
| 300 | _a31 p | ||
| 440 | 0 |
_aEstudios y documentos de comunicación social; _v88 |
|
| 650 | 4 |
_aPERIODISMO- _zAFRICA |
|
| 700 | 2 |
_aAnsah, Paul, _ecoaut. |
|
| 904 |
_aAC _b044331 |
||
| 905 | _aLibro | ||
| 999 |
_c44329 _d44329 |
||